NLSUI OPAC header image

Corporate ownership and control : (Record no. 26063)

MARC details
000 -LEADER
fixed length control field 01368cam a2200277 a 4500
003 - CONTROL NUMBER IDENTIFIER
control field OSt
005 - DATE AND TIME OF LATEST TRANSACTION
control field 20260610101155.0
008 - FIXED-LENGTH DATA ELEMENTS--GENERAL INFORMATION
fixed length control field 080806s2008 enk b 001 0 eng
020 ## - INTERNATIONAL STANDARD BOOK NUMBER
International Standard Book Number 9780199236978 (hbk.)
040 ## - CATALOGING SOURCE
Transcribing agency .
082 00 - DEWEY DECIMAL CLASSIFICATION NUMBER
Classification number 346.0664 CHE
100 1# - MAIN ENTRY--PERSONAL NAME
Personal name Cheffins, Brian R.
245 10 - TITLE STATEMENT
Title Corporate ownership and control :
Remainder of title British business transformed /
Statement of responsibility, etc. Brian R. Cheffins.
260 ## - PUBLICATION, DISTRIBUTION, ETC.
Place of publication, distribution, etc. New York :
Name of publisher, distributor, etc. Oxford University Press,
Date of publication, distribution, etc. 2008.
300 ## - PHYSICAL DESCRIPTION
Extent xviii, 423 p. ;
Dimensions 25 cm.
365 ## - TRADE PRICE
Price amount RS.5279
505 ## - FORMATTED CONTENTS NOTE
Formatted contents note 1: Setting the scene ;<br/>2: The determinants of ownership and control: current theories ;<br/>3: The ‘sell side’ ;<br/>4: The ‘buy side’ ;<br/>5: Up to 1880 ;<br/>6: 1880–1914 ;<br/>7: The separation of ownership and control by 1914 ;<br/>8: 1914–1939 ;<br/>9: 1940–1990: the sell side ;<br/>10: 1940–1990: the buy side ;<br/>11: Epilogue: challenges to the UK system of ownership and control .
650 #0 - SUBJECT ADDED ENTRY--TOPICAL TERM
Topical term or geographic name entry element Corporate governance
650 #0 - SUBJECT ADDED ENTRY--TOPICAL TERM
Topical term or geographic name entry element Law and legislation
651 ## - SUBJECT ADDED ENTRY--GEOGRAPHIC NAME
Geographic name History.
856 41 - ELECTRONIC LOCATION AND ACCESS
Materials specified Table of contents
Uniform Resource Identifier <a href="http://www.loc.gov/catdir/toc/ecip0825/2008034977.html">http://www.loc.gov/catdir/toc/ecip0825/2008034977.html</a>
906 ## - LOCAL DATA ELEMENT F, LDF (RLIN)
a 7
b cbc
c orignew
d 1
e ecip
f 20
g y-gencatlg
942 ## - ADDED ENTRY ELEMENTS (KOHA)
Source of classification or shelving scheme Dewey Decimal Classification
Koha item type BOOKs
Holdings
Withdrawn status Lost status Damaged status Not for loan Home library Current library Shelving location Date acquired Cost, normal purchase price Total Checkouts Full call number Barcode Date last seen Price effective from Koha item type
        NLS NLS   30/05/2017 5279.00   346.0664 CHE 23626 30/05/2017 30/05/2017 BOOKs